Contemporary Digital Architecture : Design & Techniques

Guardado en:
Detalles Bibliográficos
Autor principal: Krauel, Jacobo (Autor)
Formato: Libro
Lenguaje:inglés
Publicado: Barcelona : Carles Broto, 2010
Materias:
Etiquetas: Agregar Etiqueta
Sin Etiquetas, Sea el primero en etiquetar este registro!

MARC

LEADER 00000nam a22000003a 4500
001 stu219787
005 20150617230119.9
008 110105s2010------------------------eng-d
020 |a 978-84-92796-59-5 
040 |a STU  |b slo 
041 0 |a eng 
100 1 |a Krauel, Jacobo  |4 aut 
245 1 |a Contemporary Digital Architecture :  |b Design & Techniques 
260 |a Barcelona :  |b Carles Broto,  |c 2010 
300 |a 387 s 
650 7 |a architektúra digitálna  |2 stusub 
650 7 |a digital architecture  |2 estusub 
996 |b 284AU04654  |c A*7190 U  |l AAKNAR  |s A  |a 24  |w stu219787_0001 
996 |b 284AU09394  |c A* 12718/U  |l AAKNST  |s P  |a 0  |w stu219787_0002